Obras selectas (Registro nro. 126228)

Detalles MARC
000 -LEADER
campo de control de longitud fija 00984nam a2200217 i 4500
001 - NÚMERO DE CONTROL
campo de control 126228
003 - IDENTIFICADOR DE NÚMERO DE CONTROL
campo de control ES-MaACL
005 - FECHA Y HORA DE LA ÚLTIMA TRANSACCIÓN
campo de control 20230906192800.0
007 - CAMPO FIJO DE DESCRIPCIÓN FÍSICA--INFORMACIÓN GENERAL
campo de control de longitud fija t|
008 - DATOS DE LONGITUD FIJA--INFORMACIÓN GENERAL
campo de control de longitud fija 070214s1960 sp r ||||1| spa d
100 1# - ENTRADA PRINCIPAL--NOMBRE DE PERSONA
Nombre de persona Remarque, Erich Maria.
9 (RLIN) 96115
245 10 - MENCIÓN DEL TÍTULO
Título Obras selectas
Resto del título : novelas /
Mención de responsabilidad, etc. Erich Maria Remarque.
260 ## - PUBLICACIÓN, DISTRIBUCIÓN, ETC.
Lugar de publicación, distribución, etc. Barcelona :
Nombre del editor, distribuidor, etc. Planeta,
Fecha de publicación, distribución, etc. 1960.
300 ## - DESCRIPCIÓN FÍSICA
Extensión 1 v. :
Otras características físicas il. = retr. aut. ;
Dimensiones 19 cm.
505 8# - NOTA DE CONTENIDO CON FORMATO
Nota de contenido con formato Contiene: Sin novedad en el frente / traducción de Aurelio Garzón del Camino y Fermín Soto . Después / traducción de Aurelio Garzón del Camino y Fermín Soto . Tres camaradas / traducción de Enrique de Juan . Tiempo para amar y tiempo para morir / traducción de Enrique de Juan . La chispa de la vida / traducción de Santiago Ferrán
700 1# - ENTRADA AGREGADA--NOMBRE PERSONAL
Nombre de persona Garzón del Camino, Aurelio.
9 (RLIN) 55821
700 1# - ENTRADA AGREGADA--NOMBRE PERSONAL
Nombre de persona Soto, Fermín.
9 (RLIN) 107483
700 1# - ENTRADA AGREGADA--NOMBRE PERSONAL
Nombre de persona Juan, Enrique de.
9 (RLIN) 67090
700 1# - ENTRADA AGREGADA--NOMBRE PERSONAL
Nombre de persona Ferrán, Santiago.
9 (RLIN) 50241
852 ## - LOCALIZACIÓN
Ubicación ES-MaACL
Número de control de estantería P-652
Sublocalización o colección R.46554
Existencias
Estatus retirado Estado de pérdida Estado de daño No para préstamo Biblioteca de origen Biblioteca actual Ubicación en estantería Fecha de adquisición Fuente de adquisición Total de préstamos Signatura topográfica completa Código de barras Visto por última vez Precio de reemplazo Tipo de ítem Koha
        Biblioteca del Ateneo de Madrid Biblioteca del Ateneo de Madrid Depósito 2 17/01/2008     P-652 1131477 23/02/2023 23/02/2023 Libro impreso